| 000 | 00539cam a2200205ua 4500 | ||
|---|---|---|---|
| 020 |
_a81 203 0596 5 _c95.00 |
||
| 041 |
_aeng _h |
||
| 082 |
_a005.133 _bKER/PR |
||
| 100 | _aKernighan, Brian W . | ||
| 245 |
_aC programming language / _cBrian W Kernighan. _hTextual Documents |
||
| 250 |
_a2 / _b. |
||
| 260 |
_aNew Delhi : _bPrentice Hall of India Pvt Ltd. , _c1988. |
||
| 300 | _a272 ; . | ||
| 365 | _a95.00 | ||
| 504 | _a | ||
| 700 | 1 | _aRitchie, Dennis M . | |
| 942 | _cBK | ||
| 999 |
_c2596 _d2596 |
||